Statistics for Formula 1 Grand Prix

Click here to take the quiz!

General Stats

  • This quiz has been taken 170 times
    (36 since last reset)
  • The average score is 30 of 45

Answer Stats

Grand PrixCircuit% Correct
Emilia Romagna Grand Prix, San Marino Grand Prix,
Italian Grand Prix
Autodromo Internazionale Enzo e Dino Ferrari
97%
Monaco Grand PrixCircuit de Monaco
93%
Belgian Grand PrixCircuit de Spa-Francorchamps
93%
Azerbaijan Grand PrixBaku City Circuit
90%
British Grand PrixSilverstone Circuit
90%
Australian Grand PrixAlbert Park Circuit
87%
Italian Grand PrixAutodromo Nazionale di Monza
87%
Hungarian Grand PrixHungaroring
87%
United States Grand PrixCircuit of the Americas
83%
United States Grand PrixLas Vegas Strip Circuit
83%
Austrian Grand Prix, Styrian Grand PrixRed Bull Ring
83%
Abu Dhabi Grand PrixYas Marina Circuit
83%
German Grand PrixHockenheimring
80%
Singapore Grand PrixMarina Bay Street Circuit
80%
United States Grand PrixMiami International Autodrome
80%
Canadian Grand PrixCircuit Gilles Villeneuve
77%
Japanese Grand PrixSuzuka Circuit
77%
French Grand PrixCircuit Paul Ricard
73%
Saudi Arabian Grand PrixJeddah Street Circuit
73%
German Grand Prix, European Grand Prix,
Luxembourg Grand Prix, Eifel Grand Prix
Nürburgring
73%
Malaysian Grand PrixSepang International Circuit
73%
Russian Grand PrixSochi Autodrom
73%
Turkish Grand PrixIntercity Istanbul Park
70%
Mexican Grand PrixAutódromo Hermanos Rodríguez
67%
Spanish Grand PrixCircuit de Barcelona-Catalunya
67%
Chinese Grand PrixShanghai International Circuit
67%
European Grand Prix (Spain)Valencia Street Circuit
67%
Japanese Grand PrixFuji Speedway
63%
United States Grand PrixIndianapolis Motor Speedway
63%
South African Grand PrixKyalami Racing Circuit
63%
Australian Grand PrixAdelaide Street Circuit
57%
Portuguese Grand PrixAutódromo do Estoril
57%
Qatar Grand PrixLosail International Circuit
57%
Tuscan Grand PrixAutodromo Internazionale del Mugello
53%
Bahrain Grand Prix, Sakhir Grand PrixBahrain International Circuit
53%
French Grand PrixCircuit de Nevers Magny-Cours
50%
Korean Grand PrixKorea International Circuit
47%
Indian Grand PrixBuddh International Circuit
43%
Spanish Grand Prix, European Grand PrixCircuito de Jerez
43%
Portuguese Grand PrixAlgarve International Circuit
40%
Brazilian Grand PrixAutodromo Josè Carlos Pace
37%
European Grand Prix (UK)Donington Park
33%
United States Grand PrixPhoenix street circuit
30%
Argentine Grand PrixAutódromo Oscar y Juan Gálvez
17%
Pacific Grand PrixOkayama International Circuit
10%

Score Distribution

Percentile by Number Answered

Percent of People with Each Score

Your Score History

You have not taken this quiz since the last reset